A magyarországi szlovákok Gyivicsány Anna és Krupa András könyve igyekszik teljes képet adni a nemzeti kisebbségekről

Bibliographic Details
Main Author: Puntigán, József, 1958- (Author)
Format: Article
Language:Hungarian
Subjects:

MARC

LEADER 00000nab a2200000 a 4500
001 vtls000651372
003 SK-MaSNL
005 20260319074546.0
008 161104c1998 xo 0 hun
015 |a SNBRA1998/01-00420 
035 |a CLN000003566 
040 |a SNKBUCL  |b slo  |c SNKBUCL  |e AACR2 
041 0 |a hun 
044 |a xo  |c SK 
080 |a 323.113(=854)(439)  |2 1997 
100 1 |a Puntigán, József,  |d 1958-  |4 aut  |9 98944 
245 1 0 |a A magyarországi szlovákok  |b Gyivicsány Anna és Krupa András könyve igyekszik teljes képet adni a nemzeti kisebbségekről  |c Puntigán József 
650 0 7 |a Slováci  |z Maďarsko  |x monografie  |2 snkbucl  |9 906454 
651 7 |a Maďarsko  |x Slováci  |x monografie  |2 snkbucl  |9 906455 
655 7 |a články z novín a časopisov  |2 snkbucl  |9 267496 
773 0 |t Új szó  |g Roč. 51, č. 10 (14.1.1998), s. 9 
850 |a Slovenská národná knižnica v Martine 
852 |a SNK  |b KIS3GCP 
958 |a HU 
958 |a SK 
999 |c 1458366  |d 1460296